[Event "21st Mediterranean Flowers WGM 2021"]
[Site "Rijeka"]
[Date "2021.03.10"]
[Round "5.4"]
[White "Unuk, Laura"]
[Black "Spiranec, Noemi"]
[Result "1/2-1/2"]
[WhiteElo "2389"]
[BlackElo "2077"]
[Annotator "TA"]
[PlyCount "180"]
[EventDate "2021.03.07"]
[EventType "tourn"]
[EventCountry "CRO"]
[SourceTitle "playchess.com"]
[Source "ChessBase"]
[SourceQuality "1"]

{[%evp 9,180,-8,-1,-45,7,0,26,-2,11,11,15,0,7,6,7,0,7,7,9,21,26,14,31,6,30,21,22,2,96,72,91,75,202,47,231,95,151,138,145,106,128,116,120,122,115,111,104,110,126,60,92,9,8,0,88,104,112,-44,-38,-42,0,0,167,-96,-96,-96,-96,-119,-97,-112,-85,-85,-79,-79,-79,-112,-94,-94,-87,-87,-87,-125,-125,-276,-125,-241,-241,-272,-245,-276,-220,-220,-220,-221,-221,-245,-245,-245,-245,-245,-245,-284,-283,-283,-276,-293,-276,-276,-276,-407,-384,-425,-272,-415,-276,-275,-234,-234,-234,-234,-234,-234,-234,-234,-234,-462,-462,-462,-462,-462,-462,-462,-462,-462,-462,-462,-462,-462,-462,-462,-462,-462,-462,-462,-462,-462,-462,-29996,-462,-462,-462,-462,-462,-462,-462,-462,-462,-12712,-462,-462,-45,-79,-45,-46,-45,-46,-43,-43,-43,-43,-43,-45,8]} 1. b3 e5 2. Bb2 Nc6 3. e3 Nf6 4. c4 d5 5. cxd5 Nxd5 6. Nc3 {A01: Nimzowitsch-Larsen Opening.} Be6 (6... Bf5 $15) 7. Nf3 $11 a6 8. Be2 {[#] White has an edge.} Be7 $146 ({Predecessor:} 8... Nxc3 9. Bxc3 Bd6 10. d4 e4 11. Nd2 Bd5 12. f3 Qh4+ 13. Kf1 O-O 14. Bc4 Ne7 {0-1 (57) Tencheni,M (1700)-De Bortoli,F (1793) Casaleone 2014}) 9. O-O O-O 10. d3 f6 11. a3 Nxc3 12. Bxc3 Qd5 13. Nd2 Rad8 14. Qc2 Qd7 15. b4 Bd6 16. Rab1 f5 17. a4 f4 18. Bf3 Qf7 (18... fxe3 $11 19. fxe3 Be7) 19. b5 axb5 20. Rxb5 Qg6 (20... fxe3 $16 21. fxe3 Qg6) 21. Rxb7 $2 (21. Be4 $18 Qh5 22. exf4 (22. Rxb7 fxe3 23. Bf3 Qh6 $11) 22... Rxf4 23. Rxb7) 21... Ne7 (21... fxe3 $14 22. Bxc6 (22. fxe3 Qh6 $11) 22... exd2) 22. Ne4 (22. Be4 $18 {is more deadly.} Qh5 23. exf4) 22... Bd5 (22... Nf5 $142) 23. Rb2 Ba8 24. Qe2 Nd5 25. Bd2 fxe3 26. fxe3 Be7 27. a5 c5 28. Ng3 Nb4 {[#]} 29. d4 (29. e4 $1 $16) 29... exd4 30. Qc4+ ({White should try} 30. exd4 $16 Bf6 31. Bxb4 (31. dxc5 Bxb2 32. Bxb4 {[%mdl 64] Discovered Attack} Bd4+ 33. Kh1 Bxf3 $11) 31... cxb4 32. Rxb4) 30... Kh8 31. Bxb4 Bxf3 (31... cxb4 $11 32. Bxa8 Rxf1+ 33. Nxf1 Rxa8) 32. Bxc5 $16 Qc6 33. exd4 $2 {[#]} (33. gxf3 $16 {Black must now prevent Rc1.} Qxc5 34. Qxc5 Bxc5 35. e4) 33... Rxd4 $1 $15 34. Bxe7 (34. Qxd4 $2 {too greedy.} Bxc5 35. Qxc5 Qxc5+ $19) 34... Qxc4 (34... Rxc4 {is more complex.} 35. Bxf8 Bg4 36. h3 Bc8 37. Re2 Rc1) 35. Bxf8 {Hoping for Rb8.} Rd8 {[#]} 36. Rbf2 $2 Rxf8 $17 37. Rxf3 Rg8 38. Rf5 h6 {[%mdl 1024] Black has strong compensation.} 39. R1f4 Qc6 (39... Qc1+ {seems wilder.} 40. Nf1 Re8 41. Rf2 Re1 42. h3 Qc3) 40. h4 Kh7 41. h5 Rb8 42. Rf2 Rb1+ 43. Kh2 Qd6 44. R2f4 Ra1 45. Rf7 {White wants to play Rxg7+!} Rxa5 46. R4f5 $2 (46. R7f5 $17 {was worth a try.}) 46... Ra3 (46... Ra4 $19 47. Kh3 Qd4) 47. Rf3 (47. Rf4 $17) 47... Ra4 $19 48. Kg1 {Now Rxg7+! and White clings on.} Rg4 49. Kh2 Qe5 {...Qg5 is the strong threat.} 50. R7f5 Qd4 {[%cal Rg4h4]} 51. Nf1 Rh4+ 52. Kg3 Qg4+ 53. Kf2 Rxh5 54. Rxh5 Qxh5 {[%mdl 4096] Endgame KQ-KRN} 55. Ng3 Qc5+ 56. Kf1 Qc4+ 57. Kg1 g6 58. Nf1 h5 59. Ne3 (59. g3 {was the only defense.}) 59... Qc1+ 60. Kf2 Kh6 61. Nf1 (61. Rf4 $142) 61... g5 62. g3 Qb2+ 63. Kg1 g4 64. Rf2 Qd4 65. Kg2 Kg5 66. Rf4 Qd5+ 67. Kh2 $2 (67. Kg1) 67... Qe5 68. Rf2 h4 69. Rg2 Kf6 70. Kg1 h3 71. Rf2+ Ke6 72. Rf4 Qe2 {[%csl Gh3][%cal Re2g2]} 73. Rf2 Qe1 74. Rf4 Ke5 75. Rf8 {Threatens to win with Re8+.} Kd6 76. Rf6+ Kc5 77. Rf4 Qd1 78. Rc4+ (78. Rf2 $19) 78... Kb5 (78... Kxc4 $142 79. Kf2 Qf3+ 80. Ke1 Kd3 81. Nh2 Qe2#) 79. Rf4 Qc2 {[%csl Gh3][%cal Rc2g2]} 80. Rf2 Qc5 81. Nh2 Qd4 82. Nf1 Kc5 83. Nd2 (83. Nh2 $142) 83... Qe3 (83... h2+ $142 84. Kh1 Qe3) 84. Nf1 h2+ $2 (84... Qe5 $19 {Strongly threatening ...Kc4.} 85. Rd2 Qe1) 85. Nxh2 $15 Qxg3+ 86. Rg2 {Black is slightly better.} Qe3+ 87. Kh1 $1 g3 88. Nf1 Qf3 89. Kg1 Kd5 90. Rxg3 Qxg3+ {What a bad dream for Black.  Weighted Error Value: White=0.41/Black=0.32} 1/2-1/2

[Event "21st Mediterranean Flowers WGM 2021"]
[Site "Rijeka"]
[Date "2021.03.10"]
[Round "5.5"]
[White "Hrescak, Ivana"]
[Black "Zimina, Olga"]
[Result "1/2-1/2"]
[WhiteElo "2201"]
[BlackElo "2364"]
[Annotator "TA"]
[PlyCount "129"]
[EventDate "2021.03.07"]
[EventType "tourn"]
[EventCountry "CRO"]
[SourceTitle "playchess.com"]
[Source "ChessBase"]
[SourceQuality "1"]

{[%evp 16,129,14,0,0,2,0,-25,-9,-31,-24,-19,-13,0,19,20,83,77,83,60,93,84,99,71,88,34,47,34,34,34,35,27,31,16,16,22,28,10,6,8,8,6,6,3,10,0,1,0,191,0,0,0,0,0,0,0,0,0,0,0,0,0,0,0,0,0,0,0,0,0,0,0,0,0,0,0,0,0,0,0,0,0,0,0,0,0,0,0,0,0,0,0,0,0,0,0,0,0,0,-6,0,0,0,0,0,0,0,0,0,0,0,0,0,0,0,0]} 1. d4 Nf6 2. c4 e6 3. Nc3 Bb4 4. e3 O-O 5. Bd3 c5 6. Nge2 cxd4 7. exd4 d5 8. cxd5 Nxd5 9. O-O Re8 {[#] E48: Nimzo-Indian: Rubinstein: 5 Bd3 d5 including 6 Ne2, but excluding 6 a3.} 10. Qb3 $146 {aiming for Nxd5.} ({Predecessor:} 10. Be4 Nc6 11. Qd3 Nf6 12. Bg5 h6 13. Bh4 Be7 14. Rad1 Nxe4 15. Bxe7 Nxf2 16. Rxf2 Qxe7 17. Rdf1 f5 18. Nf4 Rd8 {½-½ (48) Milanovic,D (2552)-Belov,V (2627) Budva 2009}) 10... Nc6 11. a3 Bd6 {Black has an edge.} 12. Ne4 (12. Be3 $5) 12... Be7 13. Rd1 g6 14. Bh6 Na5 15. Qa2 Bd7 {[#]} (15... b6 $11) 16. b4 $1 $16 {[%cal Rb4a5,Bb2b4,Bb4b5][%mdl 32]} Nc6 17. Rac1 a5 18. b5 Na7 19. a4 Nc8 20. Qb3 ({Better is} 20. Nf4 $16) 20... Nd6 $14 21. Nxd6 Bxd6 22. g3 Qf6 {Hoping for ...g5.} 23. h4 Qf3 24. Bc4 Qxb3 25. Bxb3 Rec8 26. Rxc8+ (26. Kg2 {is interesting.} Ba3 27. Rxc8+ Rxc8 28. Nf4 Nf6 29. f3) 26... Rxc8 27. Rc1 Rxc1+ 28. Bxc1 Kf8 29. Kg2 b6 30. Kf3 Nb4 31. Bg5 {And now Bd8 would win.} Bc8 $2 {[#]} (31... Ke8 $11) 32. Ke3 $2 ({Only move:} 32. Bd8 $1 $18) 32... Ke8 $11 {The position is equal.} 33. Nc3 Bb7 34. Bf6 Kd7 35. Kd2 Be7 36. Be5 f6 37. Bf4 h5 38. Be3 Bd8 39. Bd1 Bc7 40. Be2 Ke7 41. Bd1 Kf7 42. Be2 Bd8 43. Bf4 Ke8 44. Bd1 Kd7 45. Be3 Bg2 46. Be2 Ba8 47. Bd1 Bc7 48. Be2 Bb7 49. Bd1 Ke7 50. Be2 Kf7 51. Bd1 Bd5 52. Nxd5 Nxd5 {[%mdl 4096] Endgame KBB-KBN} 53. Bb3 Bd6 54. Ke2 Nxe3 55. Kxe3 {KB-KB} g5 56. hxg5 fxg5 57. Bd1 Kg6 58. Ke4 g4 59. Bb3 Kf6 60. Bc4 Bb4 61. f3 Bd6 62. fxg4 hxg4 63. Be2 Kg5 64. Bc4 Kf6 65. Be2 {Weighted Error Value: White=0.08/Black=0.11} 1/2-1/2

[Event "21st Mediterranean Flowers WGM 2021"]
[Site "Rijeka"]
[Date "2021.03.11"]
[Round "6.1"]
[White "Berke, Ana"]
[Black "Zimina, Olga"]
[Result "1/2-1/2"]
[WhiteElo "2188"]
[BlackElo "2364"]
[Annotator "TA"]
[PlyCount "57"]
[EventDate "2021.03.07"]
[EventType "tourn"]
[EventCountry "CRO"]
[SourceTitle "playchess.com"]
[Source "ChessBase"]
[SourceQuality "1"]

{[%evp 20,57,0,0,-3,0,0,0,0,0,37,29,29,33,37,29,45,24,25,23,23,23,23,23,23,23,35,4,4,0,0,0,0,0,16,0,0,0,0,0]} 1. e4 c6 2. c4 d5 3. exd5 cxd5 4. cxd5 Nf6 5. Nc3 Nxd5 6. d4 g6 7. Bc4 Nb6 8. Bb3 Bg7 9. Nf3 O-O 10. O-O Bg4 11. h3 Bxf3 {D94: Grünfeld: 4 Nf3 Bg7 5 e3.} 12. Qxf3 Nc6 13. Rd1 Nxd4 14. Qxb7 Qd7 (14... e5 {looks sharper.} 15. Ne4 a5 16. Ng5 Qf6 17. Ne4 Qd8) 15. Qxd7 Nxd7 16. Be3 e5 {[#]} 17. Nb5 $1 {[%cal Rb5d4]} Nc5 18. Nxd4 (18. Bd5 {is more complex.} Rab8 19. Nxd4 exd4 20. Bxd4 Bxd4 21. Rxd4 Rxb2 22. Re1) 18... exd4 19. Bxd4 Bxd4 20. Rxd4 {[#]} Nxb3 $146 ({Predecessor:} 20... Rab8 21. Bd5 Rxb2 22. Rc1 Ne6 23. Ra4 Rd2 24. Bb3 Rd7 {½-½ (24) Turov,M (2601)-Ali Marandi,C (2420) Albena 2015}) 21. axb3 $14 {[%mdl 4096] Endgame KRR-KRR} Rfb8 22. b4 Rb7 23. g4 Rc8 {The position is equal.} 24. Kg2 Rc2 25. b3 Rb2 26. Ra3 Rb6 27. Rf4 a6 28. h4 h6 29. Kg3 {Weighted Error Value: White=0.05/Black=0.02} 1/2-1/2

[Event "21st Mediterranean Flowers WGM 2021"]
[Site "Rijeka"]
[Date "2021.03.11"]
[Round "6.2"]
[White "Spiranec, Noemi"]
[Black "Hrescak, Ivana"]
[Result "1/2-1/2"]
[WhiteElo "2077"]
[BlackElo "2201"]
[Annotator "TA"]
[PlyCount "79"]
[EventDate "2021.03.07"]
[EventType "tourn"]
[EventCountry "CRO"]
[SourceTitle "playchess.com"]
[Source "ChessBase"]
[SourceQuality "1"]

{[%evp 18,79,45,-6,38,35,50,28,67,70,76,31,52,36,38,41,26,34,18,-74,103,70,112,118,104,107,99,95,104,101,144,148,110,72,77,97,79,64,76,26,28,0,0,0,0,0,0,0,0,0,0,0,0,0,0,0,0,0,0,0,0,0,0,0]} 1. d4 Nf6 2. c4 g6 3. g3 Bg7 4. Bg2 d6 5. Nc3 O-O 6. Nf3 c6 7. O-O Qa5 8. e4 e5 9. h3 Nbd7 10. Rb1 (10. Qe2 $14) 10... exd4 {E69: King's Indian: Fianchetto: 6...Nbd7 7 0-0 e5 8 e4 c6 9 h3.} 11. Nxd4 Ne5 12. b4 Qc7 {White has an edge.} 13. Qe2 {[#]} Re8 $146 ({Predecessor:} 13... Be6 14. Nxe6 fxe6 15. Be3 Nfd7 16. Rfd1 a6 17. Rd2 b5 18. c5 dxc5 19. Bxc5 Nxc5 20. bxc5 {0-1 (38) Gaer,M (1627)-Strukova,K (1919) Moscow 2019}) 14. f4 Ned7 15. Qd3 a5 {[#] White must now prevent ...axb4.} 16. a3 axb4 17. axb4 Nb6 18. Be3 {[#]} (18. Bd2 $11) 18... Be6 $2 (18... Ra3 $1 $17 {stays on course.} 19. Bd2 Na4) 19. Nxe6 Rxe6 20. c5 dxc5 21. bxc5 Na4 22. Nxa4 Rxa4 23. e5 {And now Qb3 would win.} Nd7 24. Rfd1 Nf8 25. Qd8 Re7 26. Qxc7 Rxc7 27. Rd8 f6 28. Rb8 (28. e6 {keeps more tension.} f5 29. Re8 Bf6 30. Bf3 Rc4 31. Bd1) 28... fxe5 29. R8xb7 (29. fxe5 {looks sharper.} Bxe5 30. R1xb7 Rxb7 31. Rxb7 Bd4 32. Bxd4 Rxd4 33. Bxc6 Ne6 34. Rb5) 29... Rxb7 {The position is equal.} 30. Rxb7 exf4 31. gxf4 Bd4 32. Bxd4 Rxd4 $11 {[%mdl 4096] Endgame KRB-KRN} 33. Rc7 Ne6 34. Rxc6 Nxf4 35. Bf1 Kf7 36. Rc7+ Kf6 37. Rxh7 Rd5 38. Rc7 Ne6 39. Rc6 {Strongly threatening Bc4!} Rxc5 40. Rxc5 {Weighted Error Value: White=0.18/Black=0.20} 1/2-1/2

[Event "21st Mediterranean Flowers WGM 2021"]
[Site "Rijeka"]
[Date "2021.03.11"]
[Round "6.3"]
[White "Kejzar, Petra"]
[Black "Unuk, Laura"]
[Result "0-1"]
[WhiteElo "2043"]
[BlackElo "2389"]
[Annotator "TA"]
[PlyCount "54"]
[EventDate "2021.03.07"]
[EventType "tourn"]
[EventCountry "CRO"]
[SourceTitle "playchess.com"]
[Source "ChessBase"]
[SourceQuality "1"]

{[%evp 9,54,8,19,14,11,12,13,5,11,6,13,10,19,0,0,-4,0,-6,0,0,0,0,9,8,17,0,0,-11,0,0,0,0,0,0,0,0,0,0,0,-129,-125,-139,-150,-29997,-29998,-29998,-29999]} 1. Nf3 Nf6 2. e3 b6 3. b3 Bb7 4. Bb2 e6 5. d4 Bb4+ 6. c3 {A47: 1 d4 Nf6 2 Nf3 b6: Torre, London and Colle Systems.} Be7 7. Nbd2 c5 8. Bd3 {The position is equal.} d5 9. O-O O-O 10. dxc5 Bxc5 {[#]} 11. Qc2 $146 ({Predecessor:} 11. Qe2 Nbd7 12. c4 Qe7 13. cxd5 Nxd5 14. a3 Bd6 15. Ne4 Nc5 16. Nxd6 Qxd6 17. Bc4 Rfd8 18. Rad1 Qe7 19. Rd4 Nf6 20. Ne5 Rxd4 21. Bxd4 {0-1 (37) Nippgen,G (2258)-Nguyen,C (2371) Germany 2005}) 11... Nbd7 12. e4 dxe4 13. Nxe4 Nxe4 14. Bxe4 Bxe4 15. Qxe4 Nf6 16. Qc2 b5 17. c4 bxc4 18. Rad1 Qa5 19. Bxf6 {[#] Ng5 is the strong threat.} gxf6 20. Qxc4 Rfd8 21. Qg4+ Kf8 22. Rc1 Rac8 23. Qh4 Ke7 24. Rc4 (24. Rc2 $11) 24... Qxa2 $17 25. Rf4 Qb2 26. Qxh7 $2 {[#]} (26. g3 $17) 26... Qxf2+ $1 {[%mdl 576] Deflection, Back Rank} 27. Rxf2 Rd1+ {Weighted Error Value: White=0.49/Black=0.02} 0-1

[Event "21st Mediterranean Flowers WGM 2021"]
[Site "Rijeka"]
[Date "2021.03.11"]
[Round "6.4"]
[White "Radikovic, Anamarija"]
[Black "Medic, Mirjana"]
[Result "0-1"]
[WhiteElo "1986"]
[BlackElo "2169"]
[Annotator "TA"]
[PlyCount "88"]
[EventDate "2021.03.07"]
[EventType "tourn"]
[EventCountry "CRO"]
[SourceTitle "playchess.com"]
[Source "ChessBase"]
[SourceQuality "1"]

{[%evp 21,88,17,33,29,28,0,0,0,0,-40,0,-10,-14,0,23,16,21,6,8,0,0,0,0,0,0,-5,-3,-27,-15,-49,-42,-47,-42,-85,-78,-77,-77,-75,-73,-77,-81,-83,-69,-104,-97,-90,-111,-158,-146,-427,-148,-153,-110,-147,-141,-130,-85,-246,-187,-6187,-6131,-29977,-29976,-29979,-29977,-29980,-29981,-29982,-29983]} 1. d4 d5 2. c4 e6 3. Nc3 Nf6 4. cxd5 exd5 5. Bg5 Be7 6. e3 c6 7. Qc2 Nbd7 8. Bd3 O-O 9. Nge2 Re8 10. O-O Nf8 11. Rae1 Nh5 12. Bxe7 {D36: Queen's Gambit Declined: Exchange Variation: Main line (5 Bg5 c6 6 Qc2).} Qxe7 13. Ng3 Nxg3 14. fxg3 {The position is equal.} Be6 15. e4 {[#]} Qb4 $146 ({Predecessor:} 15... dxe4 16. Bxe4 Rad8 17. Qf2 Rd7 18. d5 cxd5 19. Bxd5 a6 20. Be4 Red8 21. Qb6 Rd2 22. Rf2 Rxf2 23. Qxf2 Qc7 24. Qf4 Qb6+ 25. Qf2 Qc7 {½-½ (25) Moiseev,V (2418)-Kurilin,A (2259) Suvorov 2012}) 16. Qf2 dxe4 17. Rxe4 {Strongly threatening d5.} f5 18. a3 Qd6 19. Ree1 Rad8 20. Bxf5 Qxd4 21. Qxd4 Rxd4 22. Bxe6+ Nxe6 23. Re2 Nc7 24. Rxe8+ (24. Rf4 {is interesting.} Rd7 25. Rxe8+ Nxe8 26. Ne4 Nd6 27. Nxd6 Rxd6 28. Kf1) 24... Nxe8 25. Rd1 Rxd1+ 26. Nxd1 $15 {[%mdl 4096] Endgame KN-KN} Nd6 27. Ne3 Kf7 28. Kf2 Ke6 29. Ke2 c5 30. Kd3 b5 31. b3 Nf5 32. Nc2 Ke5 33. Ne1 Nd4 34. Nf3+ Kd5 $1 35. Nd2 $2 {[%mdl 8192] [#]} (35. Kc3 $17) 35... Nc6 $2 (35... Nxb3 $1 $19 {[%mdl 512]} 36. Nxb3 c4+ {[%mdl 64] Double Attack} 37. Kc2 cxb3+ 38. Kxb3 a5) 36. Nf3 a6 {[%cal Ba7a6,Ba6a5][%mdl 32]} 37. Nd2 Ne5+ 38. Kc3 c4 39. bxc4+ $2 (39. a4 $17) 39... Nxc4 $19 40. Nxc4 $2 (40. Nb1) 40... bxc4 $17 {KP-KP} 41. a4 a5 {Black mates.} 42. g4 h6 43. h4 g5 44. g3 Kc5 {Weighted Error Value: White=0.66/Black=0.16} 0-1

[Event "21st Mediterranean Flowers WGM 2021"]
[Site "Rijeka"]
[Date "2021.03.11"]
[Round "6.5"]
[White "Manakova, Maria"]
[Black "Radeva, Viktoria"]
[Result "0-1"]
[WhiteElo "2271"]
[BlackElo "2313"]
[Annotator "TA"]
[PlyCount "74"]
[EventDate "2021.03.07"]
[EventType "tourn"]
[EventCountry "CRO"]
[SourceTitle "playchess.com"]
[Source "ChessBase"]
[SourceQuality "1"]

{[%evp 19,74,35,18,7,58,-64,-73,-54,-50,-55,-68,-86,-93,-125,-153,-187,-193,-208,-214,-274,-252,-262,-253,-264,-191,-382,-246,-242,-217,-252,-237,-247,-212,-211,-202,-278,-258,-333,-331,-731,-722,-690,-688,-665,-138,-140,-50,-47,-41,-1495,-1478,-1531,-1475,-1754,-1619,-29982,-29983]} 1. e4 c5 2. Nf3 e6 3. d4 cxd4 4. Nxd4 a6 5. Be2 Nf6 6. Nc3 Qc7 7. O-O d6 8. a4 Be7 9. a5 O-O 10. Be3 Nbd7 11. f4 {B84: Sicilian Scheveningen: 6 Be2 a6, lines without early Be3.} b6 {[#]} (11... b5 $11) 12. f5 $146 (12. g4 $14) ({Predecessor:} 12. axb6 Nxb6 13. Nb3 Nc4 14. Bxc4 Qxc4 15. Na5 Qc7 16. Qf3 Bb7 17. f5 exf5 18. Qxf5 Bc8 {½-½ (36) Ruiz Blais,S (2217)-Barros,R (2065) Medellin 2009}) 12... e5 $15 13. Nb3 {Black is better.} b5 {[%cal Bb6b5,Bb5b4][%mdl 32]} 14. Bf3 Bb7 15. g4 {White wants to play g5.} h6 16. Qe2 Rac8 17. Nd2 b4 18. Nd1 d5 {[%cal Rd5e4]} 19. g5 hxg5 (19... Nxe4 20. Bxe4 dxe4 21. gxh6 $17) 20. Bxg5 Qxc2 {[%cal Rd5e4]} 21. Ne3 Bc5 {[%cal Rd5e4]} 22. Rf2 $2 (22. Qg2 {keeps fighting.}) 22... Bxe3 23. Qxe3 Qxb2 24. Rb1 Rc1+ 25. Rf1 Rxf1+ 26. Kxf1 Qc2 {[%cal Rd5e4]} 27. Rxb4 Bc6 {...dxe4 is the strong threat.} 28. Be2 d4 ({But not} 28... dxe4 $2 29. Rc4 $18) ({Don't do} 28... Nxe4 29. Nxe4 d4 30. Qd3 $19) 29. Qd3 (29. Qb3 Qc1+ 30. Qd1 Qxd1+ 31. Bxd1) 29... Qc1+ $19 30. Kf2 Nc5 {[%mdl 64] [#] Double Attack} 31. Qf3 Bxe4 $2 (31... Nfxe4+ $19 {is more deadly.} 32. Nxe4 Qc2 33. Nf6+ {[%mdl 64] Discovered Attack} gxf6) 32. Qg3 $17 {aiming for Bxf6.} Ncd7 ({Not} 32... Nd5 33. Rc4 $11) (32... Bxf5 $17 33. Bxf6 {[#]} Nd3+ $1 {[%mdl 576] Decoy} 34. Bxd3 Qxd2+ {[%mdl 64] Double Attack} 35. Be2 Bg6 36. Qxe5 d3 {[%mdl 64] Pin}) 33. Bh6 $1 $15 {[%csl Gh6][%cal Rg3g7]} g6 34. Bxf8 $4 {[%mdl 8192] White does not recover from this.} (34. Rc4 $15 Qb2 35. Bxf8 Nxf8 36. Ke1 Qa1+ 37. Bd1 Bxf5 38. Ra4) 34... Qxd2 $19 35. Rb3 Bxf5 {Threatens to win with ...Ne4+.} 36. Bb4 Ne4+ {[%mdl 64] Double Attack} 37. Kf3 Qc2 {Weighted Error Value: White=0.89/Black=0.43} 0-1

[Event "21st Mediterranean Flowers WGM 2021"]
[Site "Rijeka"]
[Date "2021.03.11"]
[Round "7.1"]
[White "Radeva, Viktoria"]
[Black "Berke, Ana"]
[Result "1-0"]
[WhiteElo "2313"]
[BlackElo "2188"]
[Annotator "TA"]
[PlyCount "95"]
[EventDate "2021.03.07"]
[EventType "tourn"]
[EventCountry "CRO"]
[SourceTitle "playchess.com"]
[Source "ChessBase"]
[SourceQuality "1"]

{[%evp 9,95,33,39,28,43,39,51,32,52,14,50,52,54,54,61,68,65,60,70,66,79,92,87,67,96,37,50,47,129,140,157,154,159,135,129,134,151,151,150,166,329,333,587,587,545,411,369,168,144,40,70,65,61,72,170,167,216,217,254,252,416,397,610,610,610,610,602,538,631,631,631,604,704,691,696,671,669,622,1160,685,643,491,2166,2097,29979,29980,29982,29983]} 1. e4 c5 2. Nf3 d6 3. d4 cxd4 4. Qxd4 Bd7 5. Be2 Nc6 6. Qe3 {B53: Sicilian: 2...d6: Lines with Qxd4.} Nf6 7. O-O Rc8 8. c4 {White is slightly better.} g6 9. Nc3 Bg7 (9... Ng4 $5 {[%cal Rg4e3]} 10. Qd2 Bg7 $11) 10. h3 O-O 11. Rd1 {[#]} Re8 $146 ({Predecessor:} 11... Qa5 12. Bd2 Qb6 13. Qxb6 axb6 14. b3 h6 15. Rac1 Be6 16. Be3 Nd7 17. Na4 Ra8 {1-0 (64) Sjugirov,S (2622)-Korobov,A (2660) Warsaw 2011}) 12. Rb1 a6 13. b4 Qc7 14. Ba3 Nb8 15. Rbc1 b6 16. Nd4 Qb7 17. Nb3 ({Better is} 17. b5 $1 $16) 17... Be6 $14 18. Nd5 Nxd5 (18... Nbd7 $14) 19. exd5 $16 Bd7 20. c5 bxc5 21. bxc5 dxc5 22. Nxc5 Qa7 23. Rb1 Rc7 24. Rb3 Bf8 $2 (24... Rec8 {was necessary.} 25. Nxd7 (25. Qxe7 Ba4 $11) 25... Nxd7 26. Bxe7 Qxe3 27. Rxe3 (27. fxe3 Ra7 $18) 27... Rc1) 25. Rdb1 $1 $18 Rec8 $2 (25... Bb5 26. Bxb5 axb5 27. Rxb5 Nd7) 26. Rb7 Qa8 {intending ...Rxb7.} 27. Rxc7 Rxc7 28. Bf3 (28. Ne4 $142) 28... Qa7 29. Nxd7 (29. Qf4 $16) 29... Nxd7 30. Qxa7 Rxa7 31. Rc1 Nf6 {White stays focused until the end.} (31... a5 $16 {was called for.}) 32. Rc8 Rd7 {[#]} 33. g4 $1 {[%cal Rg4g5]} Kg7 {[#]} 34. d6 exd6 $2 (34... e5 {was worth a try.} 35. Bc6 Bxd6) 35. Bb2 {Hoping for g5.} ({Not} 35. g5 Nh5 $16) 35... Be7 (35... h6 $142 36. Bxf6+ Kxf6 37. Rxf8 Rc7) 36. g5 {[%mdl 64] Pin} d5 37. Bd4 {[%mdl 64] Pin} h6 38. h4 hxg5 39. hxg5 {[%mdl 64] Pin} a5 40. Rc6 {[%mdl 64] Pin} Bd8 41. gxf6+ Kh6 42. Bg4 Rb7 43. Rd6 Kg5 44. Rxd8 {aiming for Bf3.} Kxg4 45. Kg2 Rb5 (45... Kf4 $142 46. Rxd5 Ke4) 46. Rd7 Kf5 47. Rxf7 Rb4 {[#]} 48. Re7 $1 {Weighted Error Value: White=0.27/Black=0.49} 1-0

[Event "21st Mediterranean Flowers WGM 2021"]
[Site "Rijeka"]
[Date "2021.03.11"]
[Round "7.2"]
[White "Medic, Mirjana"]
[Black "Manakova, Maria"]
[Result "0-1"]
[WhiteElo "2169"]
[BlackElo "2271"]
[Annotator "TA"]
[PlyCount "38"]
[EventDate "2021.03.07"]
[EventType "tourn"]
[EventCountry "CRO"]
[SourceTitle "playchess.com"]
[Source "ChessBase"]
[SourceQuality "1"]

{[%evp 17,38,0,0,-122,-118,-160,-142,-147,-141,-204,-210,-351,-347,-426,-433,-471,-455,-1013,-1004,-1037,-938,-1152,-1127]} 1. d4 e6 2. c4 Nf6 3. Nc3 Bb4 4. e3 O-O 5. Bd3 d5 6. Nf3 c5 7. a3 Bxc3+ 8. bxc3 dxc4 9. Bxc4 Qc7 10. Qe2 {E53: Nimzo-Indian: Rubinstein: Main Line (4...0-0 5 Nf3 d5 6 Bd3 c5 7 0-0).} (10. Be2 $11 {remains equal.}) 10... cxd4 $17 {Threatens to win with ...b5.} 11. Nxd4 {[#]} ({Don't go for} 11. exd4 $2 b5 $19) 11... e5 $1 {[%cal Re5d4]} 12. Nb5 {Black is clearly better.} Qc6 {[#] Strongly threatening ...a6.} 13. a4 $146 (13. O-O $17) ({Predecessor:} 13. O-O a6 14. a4 axb5 15. axb5 Qxc4 16. Qxc4 Rxa1 17. Qc7 Be6 18. Qxb7 Nbd7 19. Qc6 {0-1 (42) Pushin,V (2393)-Predke,A (2434) Togliatti 2011}) 13... Qxg2 $19 14. Qf1 {[#]} (14. Rf1 $142 Bh3 15. Ba3 Qxf1+ 16. Qxf1 Bxf1 17. Kxf1) 14... Qc6 $1 15. Rg1 a6 {Black is clearly winning.} 16. Na3 b5 17. Bd3 (17. Qg2 $142 Qxg2 18. Rxg2 bxc4 19. Nxc4) 17... Qxc3+ {[%mdl 64] Double Attack} 18. Ke2 e4 19. Bc2 Qxa1 {White got outplayed after the opening.  Weighted Error Value: White=1.20/Black=0.08} 0-1